00525nam a22001697a 450000500170000001000150001702000260003203500140005803700090007208200160008110000180009724500520011526000450016727000710021230000250028350000470030820241007161404.0 aENG-141941 c799.00a9789357312752 aEN-125473 bDBAD a362.1962414 aPrasad, Rohit aThe Last Dance of Rationality/cBy Rohit Prasad aGurugrambHachette Book Publishingc2023 a4th and 5th Floors, Corporate Centre, Plot No.94bGurugrame122003 axxiv,328p.c21cm(hb) aMaking Sense of an Unravelling World Order